000 00500nam a2200205Ia 4500
003 GCL
008 140319s9999 xx 000 0 eng d
040 _aGCL /
_cGCL
082 0 4 _a581.5
_bH A
100 1 _aHERGT, MANFRED
245 1 0 _aATLAS DE L'ECOLOGIE /
_cHERGT, MANFRED
700 1 _aHEINRICH, DIETER
260 _a[S.N] :
_bLA POCHOTHEQUE ،
_c1993
300 _a284 P
650 0 4 _aECOLOGY PLANTS
650 0 4 _aATLAS
650 0 4 _aATLAS ECOLOGY
650 0 4 _aPLANT
942 _2ddc
_cBK
999 _c22698
_d22698